Basic concept of journalism (Record no. 2744)

000 -LEADER
fixed length control field 00274nam a22001217a 4500
020 ## - INTERNATIONAL STANDARD BOOK NUMBER
International Standard Book Number 8183562981
082 ## - DEWEY DECIMAL CLASSIFICATION NUMBER
Classification number 070
100 ## - MAIN ENTRY--PERSONAL NAME
Personal name Ajay Dash
245 ## - TITLE STATEMENT
Title Basic concept of journalism
260 ## - PUBLICATION, DISTRIBUTION, ETC.
Place of publication, distribution, etc. New Delhi
Name of publisher, distributor, etc. Discovery publishing house
Date of publication, distribution, etc. 2007
300 ## - PHYSICAL DESCRIPTION
Extent 295p
942 ## - ADDED ENTRY ELEMENTS (KOHA)
Koha item type Book
Holdings
Withdrawn status Lost status Source of classification or shelving scheme Damaged status Not for loan Permanent Location Current Location Shelving location Date acquired Total Checkouts Full call number Barcode Date last seen Price effective from Koha item type
          Central Library (CL) Central Library (CL) First Floor - Journalism 03/16/2016   302.23 DAS S3H-N-82 06/05/2018 03/16/2016 Book
© 2023 Central Library, National University of Sciences and Technology. All Rights Reserved.